| 000 | 00426 a2200157 4500 | ||
|---|---|---|---|
| 020 | _a9780470551370 | ||
| 082 | _a681.381 | ||
| 090 |
_c7228 _d7228 |
||
| 100 | _aLuryi, Serge | ||
| 245 |
_aFuture trends in microelectronics from nanophonics to sensors and energy _cSerge Luryi |
||
| 260 |
_aNew Jersey _bJohn Wiley _c2010 |
||
| 300 | _a431 p. | ||
| 650 | _aMicroelectronics | ||
| 700 | _aSerge Luryi | ||
| 942 |
_cBK _k621.381 LUR |
||
| 999 |
_c11031 _d11031 |
||